Humpty Dumpty and other rhymes / (Record no. 2240)

MARC details
000 -LEADER
fixed length control field 00879cam a2200313 i 4500
005 - DATE AND TIME OF LATEST TRANSACTION
control field 20231113132411.0
020 ## - INTERNATIONAL STANDARD BOOK NUMBER
International Standard Book Number 9781435148291
020 ## - INTERNATIONAL STANDARD BOOK NUMBER
International Standard Book Number 807728678616
040 ## - CATALOGING SOURCE
Original cataloging agency DLC
Language of cataloging eng
Transcribing agency DLC
Description conventions rda
050 00 - LIBRARY OF CONGRESS CALL NUMBER
Classification number PZ8.3
Item number .H886 2014
082 ## - DEWEY DECIMAL CLASSIFICATION NUMBER
Classification number 398.8
100 ## - MAIN ENTRY--PERSONAL NAME
Personal name Anonymous
245 00 - TITLE STATEMENT
Title Humpty Dumpty and other rhymes /
Statement of responsibility, etc. My Nursery Rhymes
250 ## - EDITION STATEMENT
Edition statement This edition published in 2003
260 ## - PUBLICATION, DISTRIBUTION, ETC.
Place of publication, distribution, etc. Bath :
Name of publisher, distributor, etc. Paragon,
Date of publication, distribution, etc. 2000
300 ## - PHYSICAL DESCRIPTION
Extent 24 pages :
Other physical details illustrations
Dimensions 21 cm
500 ## - GENERAL NOTE
General note "A collection of nursery favorites to share."
505 ## - FORMATTED CONTENTS NOTE
Formatted contents note H
520 ## - SUMMARY, ETC.
Summary, etc. contains nursery rhymes.
521 ## - TARGET AUDIENCE NOTE
Target audience note 500
Source Lexile estimate
521 ## - TARGET AUDIENCE NOTE
Target audience note H
Source Raz-Plus
650 #0 - SUBJECT ADDED ENTRY--TOPICAL TERM
Topical term or geographic name entry element Nursery rhymes.
650 #0 - SUBJECT ADDED ENTRY--TOPICAL TERM
Topical term or geographic name entry element Children's poetry.
650 #0 - SUBJECT ADDED ENTRY--TOPICAL TERM
Topical term or geographic name entry element Board books.
650 #1 - SUBJECT ADDED ENTRY--TOPICAL TERM
Topical term or geographic name entry element Nursery rhymes.
906 ## - LOCAL DATA ELEMENT F, LDF (RLIN)
a 0
b ibc
c orignew
d 2
e ncip
f 20
g y-gencatlg
942 ## - ADDED ENTRY ELEMENTS (KOHA)
Source of classification or shelving scheme Dewey Decimal Classification
Koha item type Books
Suppress in OPAC No
999 ## -
-- 2240
-- 2240
Holdings
Withdrawn status Lost status Source of classification or shelving scheme Damaged status Not for loan Collection Home library Current library Shelving location Date acquired Total Checkouts Full call number Barcode Date last seen Date last checked out Copy number Price effective from Koha item type
    Dewey Decimal Classification     Juvenile Fiction Footprints International School Library Network Toul Kork Campus Footprints International School Library Network Toul Kork Campus TK Primary Library Room(4th Floor), Bookcase 1&2, Shelves 1-16, Dark Blue Books 11/13/2023 1 ANO 398.8 PZ8.3 FISBK06038 11/06/2024 09/18/2024 1 11/13/2023 Books
    Dewey Decimal Classification     Juvenile Fiction Footprints International School Library Network Toul Kork Campus Footprints International School Library Network Toul Kork Campus TK Primary Library Room(4th Floor), Bookcase 1&2, Shelves 1-16, Dark Blue Books 08/18/2025   ANO 398.8 PZ8.3 2025-4135 08/18/2025   2 08/18/2025 Books